| 000 | 00875nam a22002535i 4500 | ||
|---|---|---|---|
| 001 | 177735 | ||
| 003 | ES-MaACL | ||
| 005 | 20240418144925.0 | ||
| 008 | 110415s1955 sp |||| | spa d | ||
| 080 | _a821.134.2-31"19"(082.2) | ||
| 100 | 1 |
_aGarcía Miñor, Antonio. _954954 |
|
| 245 | 1 | 0 |
_aCaras negras / _cAntonio García Miñor . _bTenías razón, capitán / Gabriel Baldrich . Robo con escalo / Emilio Ortiz Ramírez. |
| 260 |
_aMadrid : _bAguilar, _c1955. |
||
| 300 |
_a532 p. ; _c20 cm. |
||
| 490 | 1 |
_aNova navis ; _v1 |
|
| 650 | 0 | 4 |
_aNovela española- _yS.XX _915636 |
| 700 | 1 |
_aBaldrich, Gabriel. _9146205 |
|
| 700 | 1 |
_aOrtiz Ramírez, Emilio. _987640 |
|
| 740 | 0 | 2 | _aTenías razón, capitán. |
| 740 | 0 | 2 | _aRobo con escalo. |
| 830 | 1 |
_aNova navis ; _v1 _9190579 |
|
| 852 |
_aES-MaACL _jE-14934 _xOlim P-259 |
||
| 999 |
_c177735 _d177735 |
||